Normal view
MARC view
- UNISIST (Programa).
Entry Nombre Corporativo
001 - NÚMERO DE CONTROL
- campo de control: 56215
003 - IDENTIFICADOR DE NUMERO DE CONTROL
- campo de control: MX-MxUPN
005 - FECHA Y HORA DE LA ÜLTIMA TRANSACCIÓN
- campo de control: 20250331115205.0
008 - DATOS DE LONGITUD FIJA
- campo de control de longitud fija: 250331nn acnnnaabn n ana d
040 ## - FUENTE DE CATALOGACIÓN
- Agencia original de catalogación: MX-MxUPN
- Lenguaje de catalogación: spa
110 2# - ENCABEZAMIENTO - NOMBRE CORPORATIVO
- Nombre corporativo o de jurisdicción como elemento de entrada : UNISIST (Programa).
- Unidad subordinada: Réunion sur la planification et l'exécution des activités nationales d'information dans le domaine de la science et de la technologie
- Number of part/section/meeting: (1° :
- Fecha de la reunión o de la firma de un tratado: 1976 :
- Lugar de la reunión: Herceg Novi, Yugoslavia)
670 ## - FUENTE EN LA QUE SE LOCALIZARON DATOS
- Cita de la fuente : Autoridades LC, 31 marzo 2025 :
- Información localizada: (UNISIST (Program))
- Uniform Resource Identifier: https://lccn.loc.gov/n84092629
670 ## - FUENTE EN LA QUE SE LOCALIZARON DATOS
- Cita de la fuente : Politique d'information pour le développment, 1976 :
- Información localizada: portada (Réunion sur la planification et l'exécution des activités nationales d'information dans le domaine de la science et de la technologie; Herceg Novi, Yugoslavie, 1976)
902 ## - CATALOGADOR
- Catalogador: VíctorGodínez/310325
